Quiz o manchesterze united w sezonie 2023/24 - Statystyki

Ogólne statystyki
  • Ten quiz został rozwiązany 100 razy
  • Średni wynik to 6 z 10
Statystyki odpowiedzi
Zagadnienie Odpowiedź % Poprawnych
z jakiego kraju pochodzi manchester united? z Anglii
100%
kto jest trenerem manchesteru united? Erik Ten Hag
95%
ile razy manchester united wygrał *premier league? *czytaj premier lig 20
86%
ile razy manchester united wygrał ligę mitrzów? 3
86%
jaki jest najdroższy gracz manchesteru united? Bruno Fernandes
55%
jaki jest najmłodszy zawonik manchesteru united? Willy Kambwala
41%
ilu jest reprezntantów anglii w manchesterze united? 8
36%
jaki jest najstarszy zawodnik manchesteru united? Tom Heaton
36%
jaki jest najtańszy zawodnik manchesteru united? Tom Heaton
27%
ilu jest ciemnoskórych graczy w manchesterze united? 11
23%
Nie znaleziono quizów pasujących do podanych kryteriów
Rozkład punktacji
Procent ludzi z każdym wynikiem
Percentyl według liczby udzielonych odpowiedzi
Twoja historia wyników
Nie rozwiązałeś tego quizu